Statistics for Countries with E in Their Name

Click here to take the quiz!

General Stats

  • This quiz has been taken 1,870 times
    (1,767 since last reset)
  • The average score is 69 of 86

Answer Stats

ContinentCountry% Correct
EuropeEstonia
91%
EuropeUnited Kingdom
91%
North AmericaUnited States
91%
South AmericaArgentina
90%
South AmericaEcuador
90%
EuropeGreece
89%
EuropeIreland
89%
AfricaEgypt
88%
AfricaEthiopia
88%
EuropeGermany
88%
OceaniaNew Zealand
88%
EuropeSweden
88%
EuropeFrance
87%
EuropeIceland
87%
North AmericaMexico
87%
EuropeBelgium
86%
EuropeDenmark
86%
AfricaEritrea
86%
North AmericaEl Salvador
85%
AsiaNorth Korea
85%
AsiaSouth Korea
85%
AsiaUnited Arab Emirates
85%
South AmericaChile
84%
AfricaEquatorial Guinea
84%
EuropeNetherlands
84%
South AmericaPeru
84%
North AmericaBelize
83%
AfricaGuinea
83%
AsiaIndonesia
83%
AsiaIsrael
83%
AfricaAlgeria
82%
AsiaArmenia
82%
AsiaVietnam
82%
AsiaYemen
82%
EuropeBelarus
81%
EuropeCzechia (Czech Republic)
81%
AfricaDemocratic Republic of the Congo
81%
AfricaSenegal
81%
AsiaTurkey
81%
AsiaGeorgia
80%
AfricaGuinea-Bissau
80%
EuropeLiechtenstein
80%
AfricaNiger
80%
EuropeSwitzerland
80%
South AmericaVenezuela
80%
AsiaAzerbaijan
79%
AfricaBenin
79%
AfricaKenya
79%
EuropeLuxembourg
79%
AfricaNigeria
79%
North AmericaSaint Vincent and the Grenadines
79%
EuropeSerbia
79%
EuropeSlovenia
79%
EuropeUkraine
79%
AfricaCentral African Republic
78%
AsiaEast Timor (Timor-Leste)
78%
North AmericaGuatemala
78%
AsiaLebanon
78%
AfricaLesotho
78%
AsiaTurkmenistan
78%
AfricaZimbabwe
78%
South AmericaSuriname
77%
EuropeBosnia and Herzegovina
76%
North AmericaDominican Republic
76%
North AmericaGrenada
76%
EuropeNorth Macedonia
76%
AfricaSeychelles
76%
AsiaUzbekistan
76%
AfricaEswatini (Swaziland)
75%
AsiaBangladesh
74%
OceaniaFederated States of Micronesia
74%
AfricaMozambique
74%
AsiaNepal
74%
AsiaPhilippines
74%
AfricaRepublic of the Congo
74%
AfricaSierra Leone
74%
AsiaSingapore
74%
AsiaBrunei
73%
AfricaLiberia
73%
EuropeMontenegro
73%
OceaniaPapua New Guinea
73%
North AmericaSaint Kitts and Nevis
73%
AfricaSão Tomé and Príncipe
72%
AsiaMaldives
71%
AfricaCape Verde (Cabo Verde)
70%
AfricaCameroon
68%

Score Distribution

Percentile by Number Answered

Percent of People with Each Score

Your Score History

You have not taken this quiz since the last reset